000
00496nam a22001097a 4500
082
_a
001
100
_a
Sahu,Praveen
_9
81666
245
_a
वस्तुनिष्ठ मध्यप्रदेश परीक्षाधााम राज्य सेवा एवं सभी प्रतियोगी परीक्षाओं हेतु
260
_a
भोपाल
_b
परीक्षाधाम पब्लिकेशन
_c
2023
650
_a
GK
942
_c
HIN
999
_c
65820
_d
65820